10 Fastest Warming U.S. States - Statistics

General Stats
  • This quiz has been taken 114 times
  • The average score is 6 of 10
Answer Stats
Degrees Fahrenheit State % Correct
+ 4.22 Alaska
85%
+ 3.23 Arizona
73%
+ 3.02 Utah
72%
+ 3.32 New Mexico
70%
+ 2.90 Colorado
69%
+ 3.00 New Jersey
47%
+ 2.85 Vermont
47%
+ 3.15 Delaware
43%
+ 2.84 Rhode Island
40%
+ 2.84 Connecticut
39%
No matching quizzes found
Score Distribution
Percent of People with Each Score
Percentile by Number Answered
Your Score History
You have not taken this quiz